[Event "V Corsicoscacchi"]
[Site "Corsico ITA"]
[Date "1992.10.??"]
[Round "6"]
[White "Griffa, Roberto"]
[Black "Lanzani, Giuliano"]
[WhiteElo "1857"]
[BlackElo "1770"]
[Result "1/2-1/2"]
[PlyCount "55"]
[EventDate "1992.10.10"]

1. d4 f5 2. g3 Nf6 3. Bg2 g6 4. c4 Bg7 5. Nc3 O-O 6. Nf3 d6 7. d5 Qe8 8. O-O a5
9. e4 Nxe4 10. Nxe4 fxe4 11. Ng5 b5 12. Nxe4 bxc4 13. Qc2 Nd7 14. Nd2 Nb6 15.
Nxc4 Nxc4 16. Qxc4 Ba6 17. Qxc7 Bxf1 18. Bxf1 Qf7 19. Be3 Bxb2 20. Rd1 Rac8 21.
Qb6 Qf6 22. Bh3 Rb8 23. Be6+ Kg7 24. Qxa5 Ra8 25. Qd2 Rxa2 26. Bh6+ Kh8 27.
Bxf8 Qxf8 28. Rc1 1/2-1/2

[Event "V Corsicoscacchi"]
[Site "Corsico ITA"]
[Date "1992.10.??"]
[Round "6"]
[White "Landais, Federico"]
[Black "Morando, Enrico"]
[WhiteElo "1899"]
[BlackElo "1800"]
[Result "0-1"]
[PlyCount "73"]
[EventDate "1992.10.10"]

1. e4 e5 2. Nf3 Nc6 3. Bb5 a6 4. Ba4 Nf6 5. O-O Be7 6. Re1 b5 7. Bb3 O-O 8. a4
b4 9. d4 d6 10. Be3 Bg4 11. c3 Na5 12. Bc2 bxc3 13. bxc3 Nc4 14. Nbd2 Nxe3 15.
Rxe3 c5 16. d5 Nd7 17. h3 Bh5 18. g4 Bg6 19. Nf1 h5 20. Ng3 hxg4 21. hxg4 Nf6
22. Nd2 Nh7 23. Kg2 Bg5 24. Re1 Bf4 25. Rh1 Qg5 26. Ndf1 Rab8 27. f3 Rb2 28.
Nf5 Bxf5 29. exf5 e4 30. Rh5 Qe7 31. Rb1 Rfb8 32. Rxb2 Rxb2 33. Kg1 Nf6 34. Rh3
e3 35. Qe2 Rxc2 36. Qxc2 e2 37. Qd3 0-1

[Event "V Corsicoscacchi"]
[Site "Corsico ITA"]
[Date "1992.10.??"]
[Round "6"]
[White "Larghi, Riccardo"]
[Black "Mascheroni, Maurizio"]
[WhiteElo "1986"]
[BlackElo "1830"]
[Result "1/2-1/2"]
[PlyCount "48"]
[EventDate "1992.10.10"]

1. e4 d6 2. d4 Nf6 3. Nc3 g6 4. f4 Bg7 5. Nf3 c5 6. Bb5+ Bd7 7. e5 Ng4 8. h3
Nh6 9. dxc5 Bxb5 10. Nxb5 Qa5+ 11. Nc3 Qxc5 12. Qd5 O-O 13. Qxc5 dxc5 14. Be3
b6 15. O-O-O Nf5 16. Bf2 Nc6 17. g4 Nh6 18. Rd7 Rfc8 19. Rhd1 f5 20. g5 Nf7 21.
Nd5 Kf8 22. Nc7 Rab8 23. h4 h5 24. Be3 Nfd8 1/2-1/2

[Event "V Corsicoscacchi"]
[Site "Corsico ITA"]
[Date "1992.10.??"]
[Round "6"]
[White "Marelli, Mauro"]
[Black "Milanesi, Bruno"]
[WhiteElo "1950"]
[BlackElo "1917"]
[Result "1-0"]
[PlyCount "67"]
[EventDate "1992.10.10"]

1. c4 e6 2. Nc3 d5 3. cxd5 exd5 4. d4 c6 5. Bf4 Bd6 6. Bxd6 Qxd6 7. e3 Nf6 8.
Bd3 Bg4 9. Qc2 h6 10. h3 Be6 11. Nf3 O-O 12. g4 g5 13. O-O-O Nbd7 14. Rdg1 c5
15. Bf5 Bxf5 16. gxf5 cxd4 17. Nxd4 Nh7 18. f4 Kh8 19. fxg5 Nxg5 20. h4 Nh7 21.
Kb1 Rg8 22. Qd2 Nb6 23. Nf3 Qf6 24. Qd3 Rad8 25. Rxg8+ Kxg8 26. Rg1+ Kh8 27.
Rd1 Rd7 28. a4 Nf8 29. b3 a5 30. Rg1 Nh7 31. Rg4 Qd8 32. Ne5 Rc7 33. Nb5 Re7
34. Qd4 1-0

[Event "V Corsicoscacchi"]
[Site "Corsico ITA"]
[Date "1992.10.??"]
[Round "6"]
[White "Marino, Marco"]
[Black "Silingardi, Pompeo"]
[WhiteElo "1779"]
[BlackElo "1815"]
[Result "0-1"]
[PlyCount "80"]
[EventDate "1992.10.10"]

1. e4 e6 2. d4 d5 3. Nc3 Nf6 4. e5 Nfd7 5. f4 c5 6. Nf3 Nc6 7. Be3 Qb6 8. Na4
Qa5+ 9. c3 cxd4 10. b4 Qd8 11. Bxd4 Be7 12. Bd3 f6 13. O-O O-O 14. Ng5 fxg5 15.
Qh5 Rf5 16. Bxf5 exf5 17. Qf3 Nf8 18. b5 Nxd4 19. cxd4 Ne6 20. fxg5 Nxg5 21.
Qd3 Ne4 22. Rac1 Qa5 23. Nc5 Qd2 24. Rc2 Qxd3 25. Nxd3 Bg5 26. Rd1 Bd7 27. a4
Rc8 28. Rxc8+ Bxc8 29. Kf1 Be3 30. Nb4 Be6 31. Nc2 Bh6 32. Ra1 Bf7 33. a5 Bd2
34. a6 b6 35. Rb1 Be8 36. Na3 Be3 37. Rb2 Bxd4 38. Rc2 Bc5 39. Ke1 Kf8 40. Rb2
Bxa3 0-1

[Event "V Corsicoscacchi"]
[Site "Corsico ITA"]
[Date "1992.10.??"]
[Round "6"]
[White "Pace, Roberto"]
[Black "Luciani, Valerio"]
[WhiteElo "1830"]
[BlackElo "1905"]
[Result "1/2-1/2"]
[PlyCount "50"]
[EventDate "1992.10.10"]

1. e4 e6 2. Qe2 c5 3. g3 Nc6 4. Nf3 g6 5. Bg2 Bg7 6. O-O Nge7 7. d3 O-O 8. c3
d6 9. Nbd2 e5 10. Nb3 Be6 11. Be3 Rc8 12. Ng5 Bd7 13. Rfd1 f6 14. Nf3 b6 15. d4
Qc7 16. Rac1 Rfd8 17. Nbd2 Nb8 18. dxe5 dxe5 19. Qc4+ Kh8 20. Nb3 Be8 21. Qe2
Bf7 22. Bh3 Rxd1+ 23. Rxd1 Rd8 24. Rd2 Nbc6 25. Nh4 Rxd2 1/2-1/2

[Event "V Corsicoscacchi"]
[Site "Corsico ITA"]
[Date "1992.10.??"]
[Round "6"]
[White "Poletto, Daniele"]
[Black "Troiani, Mauro"]
[WhiteElo "1863"]
[BlackElo "1830"]
[Result "0-1"]
[PlyCount "58"]
[EventDate "1992.10.10"]

1. g3 d5 2. c4 Nf6 3. Nf3 g6 4. Bg2 Bg7 5. O-O O-O 6. d3 c6 7. Nbd2 Nbd7 8. Rb1
a5 9. b3 Re8 10. a3 e5 11. e4 dxe4 12. dxe4 Nc5 13. Ne1 Ncxe4 14. Qc2 Nxd2 15.
Bxd2 Bf5 16. Qc1 Bxb1 17. Bxa5 Qxa5 18. Qxb1 Qxa3 19. Nd3 e4 20. Nf4 Qa2 21. b4
e3 22. fxe3 Rxe3 23. b5 Qxc4 24. bxc6 bxc6 25. Rc1 Rc3 26. Rd1 Ng4 27. Nh3 Rc2
28. Qb6 Rc1 29. Bf3 Bd4+ 0-1

[Event "V Corsicoscacchi"]
[Site "Corsico ITA"]
[Date "1992.10.??"]
[Round "6"]
[White "Quagliarella, Sabino Remo"]
[Black "Cividali, Emilio"]
[WhiteElo "1868"]
[BlackElo "1800"]
[Result "0-1"]
[PlyCount "114"]
[EventDate "1992.10.10"]

1. g3 d5 2. Bg2 Nf6 3. d3 c5 4. c3 e6 5. Bg5 Be7 6. Qc2 Nc6 7. Nd2 O-O 8. Ngf3
Qc7 9. O-O h6 10. Bxf6 Bxf6 11. e4 Bd7 12. Rae1 Rac8 13. Re2 b5 14. Rfe1 g6 15.
e5 Bg7 16. d4 cxd4 17. cxd4 Nxd4 18. Nxd4 Qxc2 19. Nxc2 Rxc2 20. Nb3 Rfc8 21.
f4 Bf8 22. Bf3 Bb4 23. Rxc2 Rxc2 24. Re2 Rc7 25. Kg2 Kf8 26. Nd4 Ke8 27. a3 Bc5
28. Rc2 Kd8 29. Nb3 Bb6 30. Rxc7 Kxc7 31. h4 h5 32. g4 hxg4 33. Bxg4 a5 34. h5
gxh5 35. Bxh5 Be8 36. Kf3 a4 37. Nc1 Kd8 38. Nd3 Bd4 39. f5 b4 40. fxe6 fxe6
41. Bxe8 Kxe8 42. axb4 Bxb2 43. b5 a3 44. Nb4 Bxe5 45. Ke3 Kd8 46. Kd3 Kc7 47.
Kc2 Kb6 48. Kb3 Kxb5 49. Nc2 Bb2 50. Ne3 d4 51. Nd1 e5 52. Nf2 Kc5 53. Nd3+ Kd5
54. Nb4+ Ke4 55. Kc2 d3+ 56. Kb3 Ke3 57. Nd5+ Ke2 0-1

[Event "V Corsicoscacchi"]
[Site "Corsico ITA"]
[Date "1992.10.??"]
[Round "6"]
[White "Rizzuti, Pasquale"]
[Black "Giani, Franco"]
[WhiteElo "1714"]
[BlackElo "1848"]
[Result "1-0"]
[PlyCount "65"]
[EventDate "1992.10.10"]

1. e4 e5 2. Nf3 d5 3. exd5 Bd6 4. Nc3 Nf6 5. d3 O-O 6. Be2 Nbd7 7. Bg5 h6 8.
Bh4 Qe8 9. Qd2 e4 10. dxe4 Nxe4 11. Nxe4 Qxe4 12. O-O Nb6 13. Rad1 Bg4 14. Bg3
Rad8 15. Bxd6 Rxd6 16. Rfe1 Rxd5 17. Bd3 Qa4 18. b3 Qa3 19. Qe3 Bh5 20. Rd2 Rd6
21. Nd4 Qa5 22. f3 Nd5 23. Qf2 Nf4 24. Red1 Bg6 25. Bf1 Rfd8 26. b4 Qxb4 27.
Nb3 Rxd2 28. Rxd2 Rxd2 29. Nxd2 Bxc2 30. g3 Nd5 31. Nc4 b6 32. Qxc2 Qc5+ 33.
Qf2 1-0

[Event "V Corsicoscacchi"]
[Site "Corsico ITA"]
[Date "1992.10.??"]
[Round "7"]
[White "Astengo, Marcello"]
[Black "Larghi, Riccardo"]
[WhiteElo "1923"]
[BlackElo "1986"]
[Result "1-0"]
[PlyCount "47"]
[EventDate "1992.10.10"]

1. d4 Nf6 2. c4 e6 3. Nc3 c5 4. d5 exd5 5. cxd5 d6 6. e4 g6 7. h3 Bg7 8. Nf3
O-O 9. Bd3 Na6 10. O-O Nc7 11. Qc2 a6 12. a4 Re8 13. Bf4 Rb8 14. a5 b5 15. axb6
Rxb6 16. Nd2 Nh5 17. Bh2 Nb5 18. Nc4 Nd4 19. Qd1 Bh6 20. Na4 Rb3 21. Nxd6 Bf4
22. Nxe8 c4 23. Nc5 Qg5 24. Nf6+ 1-0

[Event "V Corsicoscacchi"]
[Site "Corsico ITA"]
[Date "1992.10.??"]
[Round "7"]
[White "Cividali, Emilio"]
[Black "Gasperoni, Stefano"]
[WhiteElo "1800"]
[BlackElo "1875"]
[Result "1/2-1/2"]
[PlyCount "39"]
[EventDate "1992.10.10"]

1. d4 Nf6 2. c4 e6 3. g3 d5 4. Bg2 Be7 5. Nf3 O-O 6. O-O Nbd7 7. b3 b6 8. Nc3
Bb7 9. Qc2 Rc8 10. Rd1 c5 11. dxc5 Bxc5 12. cxd5 Bxd5 13. Qd3 Ba8 14. Bb2 Qe7
15. e3 Rfd8 16. Qe2 Ne4 17. Nxe4 Bxe4 18. Nd4 Bxg2 19. Kxg2 Nf6 20. Rac1
1/2-1/2

[Event "V Corsicoscacchi"]
[Site "Corsico ITA"]
[Date "1992.10.??"]
[Round "7"]
[White "Giani, Franco"]
[Black "Castoldi, Bruno"]
[WhiteElo "1848"]
[BlackElo "1776"]
[Result "1-0"]
[PlyCount "35"]
[EventDate "1992.10.10"]

1. e4 e5 2. d4 exd4 3. Bd3 d6 4. h3 Nf6 5. Nf3 Nc6 6. O-O Be7 7. Nbd2 O-O 8.
Nb3 Nd7 9. Nfxd4 Nde5 10. Nxc6 Nxc6 11. c3 Bf6 12. f4 a5 13. Be3 b6 14. Qc2 g6
15. Rf3 Bg7 16. Raf1 f5 17. Nd4 fxe4 18. Nxc6 1-0

[Event "V Corsicoscacchi"]
[Site "Corsico ITA"]
[Date "1992.10.??"]
[Round "7"]
[White "Landais, Federico"]
[Black "Pace, Roberto"]
[WhiteElo "1899"]
[BlackElo "1830"]
[Result "0-1"]
[PlyCount "66"]
[EventDate "1992.10.10"]

1. e4 e5 2. Nf3 Nc6 3. Bb5 Nge7 4. c3 Ng6 5. d4 Bd6 6. Nbd2 a6 7. Ba4 b5 8. Bb3
Bb7 9. Nf1 Nf4 10. Bxf4 exf4 11. h4 f6 12. Qe2 Qe7 13. g3 O-O-O 14. Bc2 Rde8
15. b4 Nd8 16. N3d2 f5 17. f3 fxg3 18. e5 f4 19. Ne4 Bxe5 20. dxe5 Qxe5 21. Kd2
d5 22. Nexg3 fxg3 23. Qxe5 Rxe5 24. Nxg3 g6 25. a4 Rf8 26. Rhf1 Ne6 27. axb5
axb5 28. Kd3 Kd7 29. Bd1 Nf4+ 30. Kd4 Rfe8 31. Ra5 Kc6 32. Rf2 Re3 33. Ne4 Rd3#
0-1

[Event "V Corsicoscacchi"]
[Site "Corsico ITA"]
[Date "1992.10.??"]
[Round "7"]
[White "Lanzani, Giuliano"]
[Black "Milanesi, Bruno"]
[WhiteElo "1770"]
[BlackElo "1917"]
[Result "1-0"]
[PlyCount "59"]
[EventDate "1992.10.10"]

1. e4 c5 2. Nf3 a6 3. d4 cxd4 4. Nxd4 Nf6 5. Bd3 e5 6. Nf3 Bb4+ 7. c3 Ba5 8.
O-O d6 9. Na3 O-O 10. Nc4 Bc7 11. Bg5 h6 12. Bh4 Bg4 13. Ne3 Bh5 14. Nd5 g5 15.
Nxf6+ Qxf6 16. Bg3 Bxf3 17. Qxf3 Qxf3 18. gxf3 Nd7 19. h4 f6 20. Bc4+ Kg7 21.
hxg5 fxg5 22. Be6 Rad8 23. Rad1 Rf6 24. Bxd7 Rxd7 25. Bxe5 Rdf7 26. Bxf6+ Rxf6
27. Kg2 h5 28. Rd5 Kh6 29. Rg1 Bd8 30. e5 1-0

[Event "V Corsicoscacchi"]
[Site "Corsico ITA"]
[Date "1992.10.??"]
[Round "7"]
[White "Marino, Marco"]
[Black "Poletto, Daniele"]
[WhiteElo "1779"]
[BlackElo "1863"]
[Result "1-0"]
[PlyCount "51"]
[EventDate "1992.10.10"]

1. e4 c5 2. d4 cxd4 3. c3 Nf6 4. e5 Nd5 5. Nf3 Nc6 6. cxd4 d6 7. exd6 Qxd6 8.
Nc3 Bf5 9. Bb5 a6 10. Ba4 b5 11. Bb3 Nf4 12. O-O b4 13. Bxf4 Qxf4 14. Ba4 Bd7
15. Ne2 Qd6 16. Rc1 e6 17. Qc2 Rc8 18. Ne5 Nxd4 19. Qxc8+ Ke7 20. Qxd7+ Qxd7
21. Nxd7 Nxe2+ 22. Kh1 Nxc1 23. Rxc1 Kd6 24. Rc8 Ke7 25. f4 g6 26. Rxf8 1-0

[Event "V Corsicoscacchi"]
[Site "Corsico ITA"]
[Date "1992.10.??"]
[Round "7"]
[White "Mascheroni, Maurizio"]
[Black "Leoni, Fabrizio"]
[WhiteElo "1830"]
[BlackElo "1812"]
[Result "1/2-1/2"]
[PlyCount "45"]
[EventDate "1992.10.10"]

1. e4 d6 2. d4 Nf6 3. Nc3 g6 4. f4 Bg7 5. Nf3 c5 6. Bb5+ Bd7 7. e5 Ng4 8. h3
Nh6 9. dxc5 Bxb5 10. Nxb5 Qa5+ 11. Nc3 dxe5 12. fxe5 Qxc5 13. Qd5 Qxd5 14. Nxd5
Na6 15. O-O e6 16. Nf6+ Bxf6 17. Bxh6 Be7 18. Bg5 Bxg5 19. Nxg5 O-O 20. Rad1 h6
21. Ne4 Rad8 22. c3 Nb8 23. Rd6 1/2-1/2

[Event "V Corsicoscacchi"]
[Site "Corsico ITA"]
[Date "1992.10.??"]
[Round "7"]
[White "Rizzuti, Pasquale"]
[Black "Griffa, Roberto"]
[WhiteElo "1714"]
[BlackElo "1857"]
[Result "0-1"]
[PlyCount "78"]
[EventDate "1992.10.10"]

1. e4 d6 2. d4 Nf6 3. Nc3 c6 4. f4 Qa5 5. Bd3 e5 6. Be3 Be7 7. Nf3 Bg4 8. fxe5
dxe5 9. O-O Nbd7 10. a3 O-O 11. b4 Qd8 12. h3 exd4 13. Bxd4 Be6 14. e5 Nd5 15.
Ne2 Bg5 16. Nxg5 Qxg5 17. Rf3 Nxe5 18. Rg3 Qh5 19. c4 Ne7 20. Qd2 f6 21. Nf4
Qh4 22. Qf2 Bg4 23. Re1 N7g6 24. Nxg6 hxg6 25. Bb1 Be6 26. Re4 Qh5 27. Bxe5
fxe5 28. Qe1 Rad8 29. Bd3 Rf5 30. Be2 Qh6 31. Bg4 Rf6 32. Rxe5 Bxc4 33. Re8+
Rxe8 34. Qxe8+ Kh7 35. Bf3 Re6 36. Qd8 Qf4 37. Kh2 Re5 38. Qd6 Qf6 39. Qd2 Bd5
0-1

[Event "V Corsicoscacchi"]
[Site "Corsico ITA"]
[Date "1992.10.??"]
[Round "7"]
[White "Troiani, Mauro"]
[Black "Silingardi, Pompeo"]
[WhiteElo "1830"]
[BlackElo "1815"]
[Result "1-0"]
[PlyCount "133"]
[EventDate "1992.10.10"]

1. d4 Nf6 2. c4 g6 3. Nc3 Bg7 4. e4 d6 5. f3 O-O 6. Be3 Nc6 7. Nge2 a6 8. Qd2
Rb8 9. Nc1 e5 10. d5 Nd4 11. Nb3 Nxb3 12. axb3 c5 13. Bd3 Ne8 14. h4 h5 15. Bh6
Nc7 16. O-O-O b5 17. Bxg7 Kxg7 18. g4 hxg4 19. h5 Rh8 20. hxg6 fxg6 21. fxg4
Bxg4 22. Rdf1 Qe7 23. Rhg1 Qh4 24. Qg2 Qh6+ 25. Qd2 Qxd2+ 26. Kxd2 Rh2+ 27. Kc1
Bh5 28. Rh1 Rxh1 29. Rxh1 b4 30. Ne2 Rf8 31. Ng3 Bg4 32. Rg1 Rf4 33. Nf1 Ne8
34. Ne3 Bf3 35. Nf5+ Kf6 36. Ng3 Kf7 37. Kd2 Nf6 38. Ra1 Bxe4 39. Bxe4 Nxe4+
40. Nxe4 Rxe4 41. Rxa6 Rf4 42. Rxd6 Rf2+ 43. Ke3 Rxb2 44. Rd7+ Ke8 45. Rc7
Rxb3+ 46. Ke4 Rc3 47. Rxc5 b3 48. Kxe5 b2 49. Rb5 Rxc4 50. Rxb2 Rc1 51. Ke6 Kd8
52. Rg2 Re1+ 53. Kd6 Ra1 54. Rh2 Ra6+ 55. Ke5 Ra1 56. Rh7 g5 57. Rg7 g4 58.
Rxg4 Rf1 59. Rg7 Re1+ 60. Kd6 Kc8 61. Rg8+ Kb7 62. Kd7 Rh1 63. Rg7 Kb8 64. d6
Ra1 65. Ke8 Re1+ 66. Re7 Ra1 67. d7 1-0

[Event "V Corsicoscacchi"]
[Site "Corsico ITA"]
[Date "1992.10.??"]
[Round "8"]
[White "Castiglioni, Giancarlo"]
[Black "Leoni, Fabrizio"]
[WhiteElo "2067"]
[BlackElo "1812"]
[Result "1/2-1/2"]
[PlyCount "45"]
[EventDate "1992.10.10"]

1. c4 e5 2. Nc3 Nf6 3. Nf3 Nc6 4. e3 Bb4 5. Nd5 e4 6. Ng1 O-O 7. Nxb4 Nxb4 8.
a3 Nc6 9. d4 exd3 10. Bxd3 d5 11. cxd5 Qxd5 12. Nf3 Ne5 13. Bxh7+ Kxh7 14. Qxd5
Nxd5 15. Nxe5 f6 16. Nf3 c5 17. Bd2 Re8 18. O-O b6 19. Rac1 Ba6 20. Rfd1 Be2
21. Re1 Bd3 22. Bc3 Rad8 23. Red1 1/2-1/2

[Event "V Corsicoscacchi"]
[Site "Corsico ITA"]
[Date "1992.10.??"]
[Round "8"]
[White "Castoldi, Bruno"]
[Black "Landais, Federico"]
[WhiteElo "1776"]
[BlackElo "1899"]
[Result "0-1"]
[PlyCount "62"]
[EventDate "1992.10.10"]

1. e4 c6 2. d4 d5 3. Nc3 dxe4 4. Nxe4 Bf5 5. Ng3 Bg6 6. h4 h6 7. Nf3 Nd7 8. h5
Bh7 9. Bd3 Bxd3 10. Qxd3 Qc7 11. Bd2 e6 12. O-O-O Ngf6 13. Kb1 O-O-O 14. Ne4
Nxe4 15. Qxe4 Bd6 16. Rhe1 Nf6 17. Qe2 Nxh5 18. Ne5 Nf6 19. c4 c5 20. dxc5 Bxc5
21. Bf4 Rxd1+ 22. Rxd1 Rd8 23. Rxd8+ Kxd8 24. g3 g5 25. Bd2 Bd6 26. Bc3 Ke7 27.
f4 gxf4 28. gxf4 Bxe5 29. Bxe5 Qc6 30. Qf2 Qe4+ 31. Ka1 Qh1+ 0-1

[Event "V Corsicoscacchi"]
[Site "Corsico ITA"]
[Date "1992.10.??"]
[Round "8"]
[White "Gasperoni, Stefano"]
[Black "Astengo, Marcello"]
[WhiteElo "1875"]
[BlackElo "1923"]
[Result "1/2-1/2"]
[PlyCount "30"]
[EventDate "1992.10.10"]

1. e4 e6 2. d4 d5 3. Nd2 Nf6 4. e5 Nfd7 5. Bd3 c5 6. c3 Nc6 7. Ne2 cxd4 8. cxd4
f6 9. exf6 Nxf6 10. Nf3 Bd6 11. O-O O-O 12. Bg5 Qb6 13. b3 Bd7 14. Rc1 Rae8 15.
Nc3 h6 1/2-1/2

[Event "V Corsicoscacchi"]
[Site "Corsico ITA"]
[Date "1992.10.??"]
[Round "8"]
[White "Larghi, Riccardo"]
[Black "Giani, Franco"]
[WhiteElo "1986"]
[BlackElo "1848"]
[Result "1/2-1/2"]
[PlyCount "49"]
[EventDate "1992.10.10"]

1. e4 e5 2. Nf3 d5 3. Nxe5 Bd6 4. d4 dxe4 5. Nc4 Nf6 6. Bg5 O-O 7. Be2 h6 8.
Bh4 Bf5 9. O-O Bxh2+ 10. Kxh2 Ng4+ 11. Bxg4 Qxh4+ 12. Bh3 Nc6 13. Ne3 Bxh3 14.
gxh3 Rad8 15. Qg4 Qxg4 16. hxg4 Nxd4 17. Nc3 Rfe8 18. Rad1 c5 19. Kg2 Rd6 20.
Ncd5 Rg6 21. c3 Nc6 22. Nf4 Rg5 23. Rh1 Ne5 24. Nh3 Rg6 25. Nf4 1/2-1/2

[Event "V Corsicoscacchi"]
[Site "Corsico ITA"]
[Date "1992.10.??"]
[Round "8"]
[White "Quagliarella, Sabino Remo"]
[Black "Pace, Roberto"]
[WhiteElo "1868"]
[BlackElo "1830"]
[Result "1-0"]
[PlyCount "107"]
[EventDate "1992.10.10"]

1. Nf3 Nf6 2. g3 d5 3. Bg2 Nbd7 4. d4 e6 5. O-O Be7 6. Nbd2 O-O 7. Re1 b6 8. c4
Bb7 9. b3 c5 10. Bb2 dxc4 11. Nxc4 cxd4 12. Qxd4 Bc5 13. Qh4 Ne4 14. e3 Qxh4
15. Nxh4 Nef6 16. Red1 Bd5 17. Ne5 Rad8 18. Nd3 Be7 19. Nf3 Nc5 20. Nxc5 Bxc5
21. Bxf6 gxf6 22. Nd2 Bxg2 23. Kxg2 Rd3 24. Ne4 Rfd8 25. Rxd3 Rxd3 26. Nxf6+
Kg7 27. Ne4 Ba3 28. Kf3 Kg6 29. Ke2 Rd7 30. Rd1 Rc7 31. f4 f5 32. Ng5 Kf6 33.
Nf3 Bb4 34. Nd4 e5 35. fxe5+ Kxe5 36. Rf1 Bc5 37. Rxf5+ Ke4 38. Rf4+ Ke5 39.
Nf3+ Ke6 40. Re4+ Kf5 41. Re5+ Kf6 42. g4 h6 43. h4 Bd6 44. Rf5+ Kg6 45. Nd4
Re7 46. Kf3 Bc5 47. h5+ Kg7 48. Rxc5 bxc5 49. Nf5+ Kf6 50. Nxe7 Kxe7 51. Kf4
Kf6 52. e4 a6 53. e5+ Ke6 54. Ke4 1-0

[Event "V Corsicoscacchi"]
[Site "Corsico ITA"]
[Date "1992.10.??"]
[Round "8"]
[White "Troiani, Mauro"]
[Black "Rizzuti, Pasquale"]
[WhiteElo "1830"]
[BlackElo "1714"]
[Result "0-1"]
[PlyCount "116"]
[EventDate "1992.10.10"]

1. d4 Nf6 2. Nf3 g6 3. g3 Bg7 4. Bg2 O-O 5. O-O d5 6. b3 Nbd7 7. Bb2 a5 8. a4
c6 9. Nbd2 b6 10. c4 e6 11. Qc2 Ba6 12. Rfe1 Rc8 13. e4 dxe4 14. Nxe4 Nxe4 15.
Qxe4 Nf6 16. Qh4 Nh5 17. Qe4 Nf6 18. Qe2 Nd5 19. Rad1 Qc7 20. Qe4 Nb4 21. Bc1
Bb7 22. Bf4 Qe7 23. c5 bxc5 24. dxc5 Rfd8 25. Bd6 Qe8 26. Ne5 Nd5 27. Qh4 Bf8
28. Nc4 Ba8 29. Rd3 Nb4 30. Rdd1 Nd5 31. g4 Bg7 32. Bxd5 cxd5 33. Nb6 Qc6 34.
Nxc8 Rxc8 35. Qg3 d4 36. f4 Qd5 37. Rd3 Bb7 38. Be5 Rxc5 39. Rxd4 Qxd4+ 40.
Bxd4 Bxd4+ 41. Kf1 Ba6+ 42. Kg2 Rc2+ 43. Kh3 Rc3 44. Rd1 Rxg3+ 45. Kxg3 Bc3 46.
h4 Bb7 47. h5 gxh5 48. gxh5 Bd5 49. h6 Bb4 50. Rd3 f6 51. f5 Kf7 52. Kg4 exf5+
53. Kxf5 Be6+ 54. Kf4 Bf8 55. Rc3 Bxh6+ 56. Kf3 Bd2 57. Rc7+ Kg6 58. Ke2 Bb4
0-1